Diffractive shadowing of coherent polarization radiation; Physics Letters A; Vol. 391

Podrobná bibliografie
Parent link:Physics Letters A
Vol. 391.— 2021.— [127135, 9 р.]
Korporativní autor: Национальный исследовательский Томский политехнический университет Исследовательская школа физики высокоэнергетических процессов
Další autoři: Curcio A. Alessandro, Bergamaschi M., Corsini R. Roberto, Gamba D. Davide, Farabolini W. Wilfrid, Kieffer R., Lefevre Th. Thibaut, Potylitsyn A. P. Alexander Petrovich
Shrnutí:Title screen
We report on the study of shadowing of electromagnetic fields radiated in the Terahertz (THz) region from two consecutive sources of coherent diffraction and transition radiation. In these conditions, the formation length is predicted to be ≲100 m, and shadowing effects should result in an almost complete suppression of radiated fields within distances of the order of tens of centimeters. We experimentally measured that shadowing effects disappear for distances significantly shorter than those predicted. We propose a new model that explains our experimental observations by taking into account 3D diffraction effects. These findings will have a positive impact on the beneficial use of consecutive radiators both for the generation of intense electromagnetic radiation and for beam diagnostics using coherent polarization radiation from ultra-relativistic charged particles.
Режим доступа: по договору с организацией-держателем ресурса
Jazyk:angličtina
Vydáno: 2021
Témata:
On-line přístup:https://doi.org/10.1016/j.physleta.2020.127135
Médium: MixedMaterials Elektronický zdroj Kapitola
KOHA link:https://koha.lib.tpu.ru/cgi-bin/koha/opac-detail.pl?biblionumber=669329

MARC

LEADER 00000naa0a2200000 4500
001 669329
005 20250213110615.0
035 |a (RuTPU)RU\TPU\network\40569 
035 |a RU\TPU\network\36712 
090 |a 669329 
100 |a 20230323d2021 k||y0rusy50 ba 
101 0 |a eng 
102 |a NL 
135 |a drcn ---uucaa 
181 0 |a i  
182 0 |a b 
200 1 |a Diffractive shadowing of coherent polarization radiation  |f A. Curcio, M. Bergamaschi, R. Corsini [et al.] 
203 |a Text  |c electronic 
300 |a Title screen 
320 |a [References: 30 tit.] 
330 |a We report on the study of shadowing of electromagnetic fields radiated in the Terahertz (THz) region from two consecutive sources of coherent diffraction and transition radiation. In these conditions, the formation length is predicted to be ≲100 m, and shadowing effects should result in an almost complete suppression of radiated fields within distances of the order of tens of centimeters. We experimentally measured that shadowing effects disappear for distances significantly shorter than those predicted. We propose a new model that explains our experimental observations by taking into account 3D diffraction effects. These findings will have a positive impact on the beneficial use of consecutive radiators both for the generation of intense electromagnetic radiation and for beam diagnostics using coherent polarization radiation from ultra-relativistic charged particles. 
333 |a Режим доступа: по договору с организацией-держателем ресурса 
461 |t Physics Letters A 
463 |t Vol. 391  |v [127135, 9 р.]  |d 2021 
610 1 |a электронный ресурс 
610 1 |a труды учёных ТПУ 
610 1 |a electromagnetic shadowing 
610 1 |a electrodynamics 
610 1 |a polarization radiation 
610 1 |a destructive interference 
610 1 |a relativistic particle beams 
610 1 |a beam diagnostics 
701 1 |a Curcio  |b A.  |g Alessandro 
701 1 |a Bergamaschi  |b M. 
701 1 |a Corsini  |b R.  |g Roberto 
701 1 |a Gamba  |b D.  |g Davide 
701 1 |a Farabolini  |b W.  |g Wilfrid 
701 1 |a Kieffer  |b R. 
701 1 |a Lefevre  |b Th.  |g Thibaut 
701 1 |a Potylitsyn  |b A. P.  |c Russian physicist  |c Professor of the TPU  |f 1945-  |g Alexander Petrovich  |3 (RuTPU)RU\TPU\pers\26306  |9 12068 
712 0 2 |a Национальный исследовательский Томский политехнический университет  |b Исследовательская школа физики высокоэнергетических процессов  |c (2017- )  |3 (RuTPU)RU\TPU\col\23551 
801 0 |a RU  |b 63413507  |c 20230323  |g RCR 
856 4 |u https://doi.org/10.1016/j.physleta.2020.127135 
942 |c CF